01448pam a2200421 a 45000010008000000030004000080050017000120080041000290100017000700200020000870200020001070200025001270200025001520220006001770350012001830400036001950500021002311000031002522450086002832500019003692600044003883000029004323360026004613370028004873380027005155000032005425040051005745050006006255200006006316500016006376500022006537000030006757000028007058560089007339420042008229520145008649990017010092997661GZU20260508064948.0930820s1994 enk b 001 0 eng c a 93032987  a0415106117qhbk a0415106125qpbk a9780415106115q(hbk) a9780415106122q(pbk) a. a2997661 aDNLM/DLCcDLCdGZULibbengerda00aRC454b.GOL 19941 aGoldberg, David P.eauthor10aPsychiatry in medical practice /cDavid Goldberg, Sidney Benjamin, Francis Creed. asecond edition aLondon ;aNew York :bRoutledge,c1994. axiv, 349 pages ;c26 cm. atextbtxt2rdacontent aunmediatedbn2rdamedia avolumebnc2rdacarrier aOriginally published: 1989. aIncludes bibliographical references and index. a. a. 0aPsychiatry. 2aMental Disorders.1 aBenjamin, Sidney.eauthor1 aCreed, Francis.eauthor423Publisher descriptionuhttp://www.loc.gov/catdir/enhancements/fy0648/93032987-d.html 2lcccBKeSecond editionh454iGOLkRC 00102lcc40708NFICaMTHLbMTHLcGENd2026-05-08eDonation from UKZNl0oRC454 GOL 1994p034576r2026-05-08 06:50:39tc. 1w2026-05-08yBK c11787d11787